000
00307nam a2200133Ia 4500
008
191201s2005 xx 000 0 und d
100
_a
MAHESHWERI, S N
245
0
_a
Accounting for Management
250
_a
-
260
_c
2005
_b
Sultan Chand
_a
N.Delhi
300
_a
1.28
650
_a
MBA
942
_2
ddc
_c
BB
999
_c
7212
_d
7212